ARRUPE JESUIT UNIVERSITY

CORONAVIRUS -STOP THE SPREAD - CLEAN,DISINFECT,COVER

The life of Charlotte Brontë / (Record no. 118597)

MARC details
000 -LEADER
fixed length control field 01277cam a2200337 a 4500
001 - CONTROL NUMBER
control field 732642
003 - CONTROL NUMBER IDENTIFIER
control field ARRUPE
005 - DATE AND TIME OF LATEST TRANSACTION
control field 20131112125330.0
008 - FIXED-LENGTH DATA ELEMENTS--GENERAL INFORMATION
fixed length control field 980410r19971857enka b 000 0beng d
010 ## - LIBRARY OF CONGRESS CONTROL NUMBER
LC control number 98139488
020 ## - INTERNATIONAL STANDARD BOOK NUMBER
International Standard Book Number 0140434933
035 ## - SYSTEM CONTROL NUMBER
System control number (OCoLC)38933923
040 ## - CATALOGING SOURCE
Original cataloging agency CL
Transcribing agency CL
Modifying agency DLC
042 ## - AUTHENTICATION CODE
Authentication code lccopycat
043 ## - GEOGRAPHIC AREA CODE
Geographic area code e-uk---
050 00 - LIBRARY OF CONGRESS CALL NUMBER
Classification number PR4168
Item number .G3 1997
300 ## - PHYSICAL DESCRIPTION
Other physical details ill. ;
Dimensions 20 cm.
100 1# - MAIN ENTRY--PERSONAL NAME
Personal name Gaskell, Elizabeth Cleghorn,
Dates associated with a name 1810-1865.
9 (RLIN) 3546
245 14 - TITLE STATEMENT
Title The life of Charlotte Brontë /
Statement of responsibility, etc Elizabeth Gaskell ; edited with introduction and notes by Elisabeth Jay.
260 ## - PUBLICATION, DISTRIBUTION, ETC. (IMPRINT)
Place of publication, distribution, etc London ;
-- New York :
Name of publisher, distributor, etc Penguin Books,
Date of publication, distribution, etc 1997.
300 ## - PHYSICAL DESCRIPTION
Extent xli, 494 p. :
440 #0 - SERIES STATEMENT/ADDED ENTRY--TITLE
Title Penguin classics
9 (RLIN) 3547
500 ## - GENERAL NOTE
General note Originally published: London: Smith, Elder & Co., 1857.
504 ## - BIBLIOGRAPHY, ETC. NOTE
Bibliography, etc Includes bibliographical references.
600 10 - SUBJECT ADDED ENTRY--PERSONAL NAME
Personal name Brontë, Charlotte,
Dates associated with a name 1816-1855.
9 (RLIN) 3548
650 #0 - SUBJECT ADDED ENTRY--TOPICAL TERM
Topical term or geographic name as entry element Novelists, English
Chronological subdivision 19th century
Form subdivision Biography.
9 (RLIN) 3549
700 1# - ADDED ENTRY--PERSONAL NAME
Personal name Jay, Elisabeth.
9 (RLIN) 3550
856 42 - ELECTRONIC LOCATION AND ACCESS
Materials specified Contributor biographical information
Uniform Resource Identifier <a href="http://www.loc.gov/catdir/enhancements/fy1207/98139488-b.html">http://www.loc.gov/catdir/enhancements/fy1207/98139488-b.html</a>
906 ## - LOCAL DATA ELEMENT F, LDF (RLIN)
a 7
b cbc
c copycat
d 2
e ncip
f 19
g y-gencatlg
942 ## - ADDED ENTRY ELEMENTS (KOHA)
Source of classification or shelving scheme Library of Congress Classification
Koha item type Monograph ( Printed materials)
Holdings
Withdrawn status Lost status Source of classification or shelving scheme Damaged status Not for loan Collection code Home library Current library Shelving location Date acquired Total Checkouts Full call number Barcode Date last seen Price effective from Koha item type
    Library of Congress Classification     Main Collection ARRUPE LIBRARY ARRUPE LIBRARY Main Collection 12/11/2013   PR4168 .G3 1997 46410275 25/04/2019 12/11/2013 Monograph ( Printed materials)

 

Arrupe Library. PO Box MP320 Mt Pleasant, Harare, Zimbabwe
263 242 745411|librarian@aju.ac.zw